Normal view
MARC view
- فيزياء-تجارب
Entry Topical Term
001 - CONTROL NUMBER
- control field: 39498
003 - CONTROL NUMBER IDENTIFIER
- control field: JO-AjAnu
005 - DATE AND TIME OF LATEST TRANSACTION
- control field: 20230606080552.0
008 - FIXED-LENGTH DATA ELEMENTS
- fixed length control field: 230606|| aca||aabn | a|a d
040 ## - CATALOGING SOURCE
- Original cataloging agency: JO-AjAnu
- Transcribing agency: JO-AjAnu
150 ## - HEADING--TOPICAL TERM
- Topical term or geographic name entry element: فيزياء-تجارب
670 ## - SOURCE DATA FOUND
- Source citation: Work cat.: (JO-AjAnu)20254: السويلم ، محمد هاشم، م .مشارك كاظم السامرائي, author 39497, الميتالورجيا الهندسيه الفيزيائيه والتطبيقيه